Statistics for The Hunger Games Quotes- (Only from book 1)

Click here to take the quiz!

General Stats

  • This quiz has been taken 633 times
  • The average score is 15 of 30

Answer Stats

Hint Answer % Correct
I volunteer as tribute!Katniss
99%
May the odds be ever in your favor!Effie
97%
You know how to kill. How different can it be, really?Gale
83%
Thank you for your consideration.Katniss
75%
Quack!Prim
73%
I keep wishing I could think of a way to show the Capitol that they don't own me. That I'm more than just a piece in their Games.Peeta
72%
You've got about as much charm as a dead slug.Haymitch
70%
Besides, you didn't say you loved me. So what does it matter?Peeta
69%
Stay Alive.Haymitch
69%
District Twelve. Where you can starve to death in safety.Katniss
68%
I'm not allowed to bet, but if I could, my money would be on you.Cinna
68%
You're golden, sweetheart.Haymitch
67%
She has no idea. The effect she can have.Peeta
66%
I've asked you 50 questions and still have no sense of your life, your family, or what you care about. They want to know about you, Katniss.Haymitch
60%
Katniss, the girl who was on fire.Cinna
53%
And just because you're from District Twelve is no excuse to ignore you.Effie
46%
Go on then, Lover Boy, see for yourself.Cato
45%
You here to finish me off, sweetheart?Peeta
44%
I like to see it on you. That's how I know I decided I could trust you.Rue
37%
You're killing us. Details, details!Caesar
35%
You know, you're pretty squeamish for such a lethal person.Peeta
30%
Of course, I'm not going. Give me some credit.Katniss
29%
If he dies, I'll never go home, not really. I'll spend the rest of my life in this arena trying to think my way out.Katniss
27%
By the time Cinna is through with you, you're going to be absolutely gorgeous!Venia
26%
Ladies and Gentlemen, let the 74th annual Hunger Games begin!Claudius
25%
You better run now, Fire Girl.Thresh
25%
Yes, I don't think you'll have much use for your lips anymore.Clove
23%
Never gamble at cards. You'll lose your last coin.Peeta
17%
You don't have much competition anywhere.Katniss
17%
How about a hug for luck?Haymitch
12%

Score Distribution

Percentile by Number Answered

Percent of People with Each Score

Your Score History

You have not taken this quiz